Egyház és állam Spanyolországban a Franco-rendszer idején

Elmentve itt :
Bibliográfiai részletek
Szerző: Bíró Magdolna
Dokumentumtípus: Cikk
Megjelent: Belvedere Meridionale Szeged 1998
Sorozat:Belvedere Meridionale 10 No. 3-4
Kulcsszavak:Egyház és állam - Spanyolország - 20. sz., Katolikus egyház - Spanyolország - 20. sz., Spanyolország története - 20. sz.
Tárgyszavak:
Online Access:http://acta.bibl.u-szeged.hu/4633
LEADER 00840nab a2200193 i 4500
001 acta4633
005 20250805092350.0
008 161015s1998 hu o 000 hun d
040 |a SZTE Egyetemi Kiadványok Repozitórium  |b hun 
041 |a hun 
100 1 |a Bíró Magdolna 
245 1 0 |a Egyház és állam Spanyolországban a Franco-rendszer idején  |h [elektronikus dokumentum] /  |c  Bíró Magdolna 
260 |a Belvedere Meridionale  |b Szeged  |c 1998 
300 |a 106-110 
490 0 |a Belvedere Meridionale  |v 10 No. 3-4 
650 4 |a Bölcsészettudományok 
650 4 |a Történettudomány és régészet 
695 |a Egyház és állam - Spanyolország - 20. sz., Katolikus egyház - Spanyolország - 20. sz., Spanyolország története - 20. sz. 
856 4 0 |u http://acta.bibl.u-szeged.hu/4633/1/belvedere_1998_003_004_106-110.pdf  |z Dokumentum-elérés